| 000 | 00451nam a2200181Ia 4500 | ||
|---|---|---|---|
| 008 | 140316s9999 xx 000 0 und d | ||
| 020 | _a | ||
| 082 |
_a004.21 _bSKI/IN |
||
| 100 | _aSkidmore,Steve | ||
| 245 | _aIntroducing system design | ||
| 250 | _a1 | ||
| 260 |
_aNew Delhi _bBPB Publications _c1992 |
||
| 300 | _a308 | ||
| 650 | _aHuman computer catalogue | ||
| 650 | _aSyst Design and objectives | ||
| 700 | _aWore,Brenda | ||
| 942 |
_2ddc _cBK |
||
| 999 |
_c5518 _d5518 |
||